000 00276nam a22001097a 4500
082 _a133/ALP
100 _aAlpheus,A.
_983995
245 _aMesmerism mind reading and spiritualism
260 _aPanchkula(haryana)
_bBetter books
_c2022
650 _aMesmerism
_983996
942 _cBK
999 _c69013
_d69013